000 01153nam a2200301 c 4500
003 BLK
005 20230506024440.0
008 180411b bul|||||r ||||||| ||bul||
010 _aKNG00180940000
020 _a954-8004-10-0
_bиздат.: Абагар-МК'90
040 _aBLK
041 _aBUL
_cBUL
080 _aАнглийска литература
_b821.111
_x-93-31
_z821.111-93-31
100 1 _aРид, Томас Майн
_d1818-1883
_eпърви автор
_9365222
700 1 _aЧакъров, Георги
_eпрев. от нем.
_9382928
139 _aРид, Томас Майн
_bР 59
245 1 0 _aПръстът на съдбата
_bРомана юноши
_cТомас Майн Рид; прев. от нем. Георги Чакъров.
257 _aBGR
260 София
_bАбагар-МК'90
_c1991
_fВраца : печ. Полипринт
300 _a287 с.
_c20 см
380 _aDX
500 _aПрев. от нем. изд. - 15 000 тир.
852 _aЦб 166682
856 4 _qpdf
_u
856 4 _qpdf
_u
942 _cKNG
_n0
944 _aCR
_c03.09.2015
_kПравда_Бадева
944 _aED
_c06.10.2017
_kВиолета_Тройчева
999 _c172601
_d172601